Language Quiz

Random Language or Spanish Quiz

Spanish Pronouns Quiz Stats

 Plays Quiz Updated Aug 1, 2018

Score 0/12 Timer 01:00
2 Plays Today
% Correct
yo
83.9%
él
83.5%
ella
83%
78.1%
nosotros
71.4%
nosotras
68.2%
usted (ud)
68%
ustedes (uds.)
67.8%
ellas
67.1%
ellos
65.9%
vosotros
56%
vosotras
55.7%

You're not logged in!

Compare scores with friends on all Sporcle quizzes.
OR
Log In

Sporcle TV

Today on Sporcle TV


Watch our educational content, quiz creation guides, and fun videos on Sporcle TV.

Show Comments

Extras

Top Quizzes Today


Score Distribution

Your Account Isn't Verified!

In order to create a playlist on Sporcle, you need to verify the email address you used during registration. Go to your Sporcle Settings to finish the process.

Report this User

Report this user for behavior that violates our Community Guidelines.

Details: